书目信息 |
| 书名: | Lectures in geometry | |
| 作者: | ||
| 分册号: | ||
| 分册名: | 出版地: | Moscow : |
|
| 出版社: | Mir Pub | |
| 出版时间: | 1986. | |
| 页数: | 437 p. : | |
| 开本: | 19 cm. : | |
| 丛书名: | ||
| 中图分类号: | ||
| 科图分类号: | ||
| 其他分类号: | O18 | |
| 主题词: | ||
| 电子资源: | ||
| 000 | 00585nam 2200205 a 4500 | |
| 001 | E0760617790 | |
| 005 | 20070225165332.31 | |
| 008 | 001 0 eng | |
| 008 | uu | |
| 040 | @aNLC | |
| 049 | @aN5LA | |
| 090 | @a2-89/O181/P85/////////*982133-4/v.1/2cop./*981609-10/v.2/2cop. | |
| 090 | @aO18 | |
| 096 | @aO181 @v2 | |
| 099 | @dO18@ex1 | |
| 100 | 1 | @aPostnikov, M. |
| 245 | 10 | @aLectures in geometry |
| 260 | @aMoscow :@bMir Pub.,@c1986. | |
| 300 | @a437 p. :@bill. ;@c19 cm. :@b00 ;@c20020930@lNLC09@h2245@lNLC09@h2243@lNLC09@h1834 | |
| 852 | 9 | @bWWJC @cJ08N @k2-89 @hO181 @iP85 |
| Lectures in geometry.-Moscow : : Mir Pub., , 1986. |
| 437 p. : : ill. ; ; 19 cm. : : 00 ; ; 20020930 |
| ISBN |
| ● |
| 相关链接 |
|
|
|
|
正题名:Lectures in geometry
索取号:O18/x1
 
预约/预借
| 序号 | 登录号 | 条形码 | 馆藏地/架位号 | 状态 | 备注 |
| 1 | 181430 | 000452316 | 第二样本阅览室/ [索取号:O18/x1] | 在馆 | |
| 2 | 181431 | 000452398 | 第四借阅区/ [索取号:O18/x1] | 在馆 | |
| 3 | 181432 | 000452352 | 第四借阅区/ [索取号:O18/x1] | 在馆 |